The Construction of Buildings Vol 3 (Record no. 202)

000 -LEADER
fixed length control field 00356nam a2200157Ia 4500
003 - CONTROL NUMBER IDENTIFIER
control field OSt
005 - DATE AND TIME OF LATEST TRANSACTION
control field 20200311044721.0
008 - FIXED-LENGTH DATA ELEMENTS--GENERAL INFORMATION
fixed length control field 200302s9999 xx 000 0 und d
020 ## - INTERNATIONAL STANDARD BOOK NUMBER
International Standard Book Number 9788176710039
100 ## - MAIN ENTRY--PERSONAL NAME
Personal name R. Barry
245 ## - TITLE STATEMENT
Title The Construction of Buildings Vol 3
260 ## - PUBLICATION, DISTRIBUTION, ETC. (IMPRINT)
Name of publisher, distributor, etc Granada Publishing
260 ## - PUBLICATION, DISTRIBUTION, ETC. (IMPRINT)
Date of publication, distribution, etc 1977
300 ## - PHYSICAL DESCRIPTION
Extent 105 P.,
942 ## - ADDED ENTRY ELEMENTS (KOHA)
Source of classification or shelving scheme
Holdings
Withdrawn status Lost status Damaged status Koha normalized classification for sorting Not for loan Permanent location Current location Date acquired Cost, normal purchase price Total Checkouts Full call number Barcode Date last seen Date last borrowed Price effective from Koha item type Source of classification or shelving scheme
      690_000000000000000   BMS College of Architecture, Design and Planning BMS College of Architecture, Design and Planning 2020-03-03 212.17 2 690 CL-UG18859 2022-11-30 2022-11-28 2020-03-03 UG Books from CL  
      690_000000000000000_BAR   BMS College of Architecture, Design and Planning BMS College of Architecture, Design and Planning 2020-03-11     690 BAR AR-BB19 2020-03-11   2020-03-11 Book Bank  
      690_000000000000000_BAR   BMS College of Architecture, Design and Planning BMS College of Architecture, Design and Planning 2020-03-11     690 BAR AR-BB20 2020-03-11   2020-03-11 Book Bank  
      690_000000000000000_BAR   BMS College of Architecture, Design and Planning BMS College of Architecture, Design and Planning 2020-03-11   1 690 BAR AR-BB21 2024-09-12 2024-09-11 2020-03-11 Book Bank  
      690_000000000000000_BAR   BMS College of Architecture, Design and Planning BMS College of Architecture, Design and Planning 2020-03-11     690 BAR AR-BB22 2020-03-11   2020-03-11 Book Bank  
Copyright © 2025, The Librarian, Library and Information Centre, BMSCA D&P, Bengaluru. All Rights Reserved
web counter

Powered by Koha